Príspevky - významný zdroj financovania neziskových organizácií
Zabezpečenie viaczdrojovosti a alternatívne formy financovania neziskových organizácií na Slovensku v súčasnosti. Rôznorodosť a vývoj finančných zdrojov v neziskových organizáciách.
Salvato in:
| Autore principale: | |
|---|---|
| Natura: | Capitolo di libro |
| Lingua: | slovacco |
| Soggetti: | |
| Tags: |
Nessun Tag, puoi essere il primo ad aggiungerne!!
|
MARC
| LEADER | 00000naa$a2200000$$$4500 | ||
|---|---|---|---|
| 001 | 0196717 | ||
| 005 | 20240502083459.6 | ||
| 041 | 0 | |a slo | |
| 044 | |a CZ | ||
| 245 | 1 | 0 | |a Príspevky - významný zdroj financovania neziskových organizácií |c Alena Kordošová |
| 520 | |a Zabezpečenie viaczdrojovosti a alternatívne formy financovania neziskových organizácií na Slovensku v súčasnosti. Rôznorodosť a vývoj finančných zdrojov v neziskových organizáciách. | ||
| 610 | 2 | 0 | |a Slovensko |
| 610 | 2 | 0 | |a organizácie neziskové |
| 610 | 2 | 0 | |a financovanie |
| 610 | 2 | 0 | |a zdroje finančné |
| 610 | 2 | 0 | |a formy financovania |
| 610 | 2 | 0 | |a účtovníctvo daňové |
| 100 | 1 | |a Kordošová, Alena, 1970- | |